Cómo dormir a su bebá (Record no. 26811)

MARC details
000 -LEADER
campo de control de longitud fija 02029nam a22002897a 4500
003 - IDENTIFICADOR DE NÚMERO DE CONTROL
campo de control Co-PeBPM
005 - FECHA Y HORA DE LA ÚLTIMA TRANSACCIÓN
campo de control 20240504190224.0
007 - CAMPO FIJO DE DESCRIPCIÓN FÍSICA--INFORMACIÓN GENERAL
campo de control de longitud fija ta
008 - DATOS DE LONGITUD FIJA--INFORMACIÓN GENERAL
campo de control de longitud fija 240504s2010 ck ||||| |||| 00| 0 spa d
020 ## - NÚMERO INTERNACIONAL ESTÁNDAR DEL LIBRO
Número Internacional Estándar del Libro 9789584530370
040 ## - FUENTE DE CATALOGACIÓN
Centro catalogador/agencia de origen Co-PeBPM
Lengua de catalogación spa
Centro/agencia transcriptor Co-PeBPM
Normas de descripción rda
041 ## - CÓDIGO DE IDIOMA
Código de lengua del texto/banda sonora o título independiente spa
082 04 - NÚMERO DE LA CLASIFICACIÓN DECIMAL DEWEY
Número de clasificación 613.0432 M821c
Número de edición 22
100 1# - ENTRADA PRINCIPAL--NOMBRE DE PERSONA
Nombre de persona Moore, Polly
Término indicativo de función/relación autora
245 10 - MENCIÓN DEL TÍTULO
Título Cómo dormir a su bebá
Resto del título : Siga los ritmos naturales del sueño de su bebé para lograr un mejor descanso en las noches y durante las siestas
Mención de responsabilidad, etc. / Polly Moore; traducción Adriana de Hassan
250 ## - MENCION DE EDICION
Mención de edición Primera edición
260 ## - PUBLICACIÓN, DISTRIBUCIÓN, ETC.
Lugar de publicación, distribución, etc. Bogotá, Colombia
Nombre del editor, distribuidor, etc. : Grupo Editorial Norma,,
Fecha de publicación, distribución, etc. 2010
300 ## - DESCRIPCIÓN FÍSICA
Extensión 240 páginas
Dimensiones 21 centímetros
500 ## - NOTA GENERAL
Nota general Incluye índice
500 ## - NOTA GENERAL
Nota general Contiene datos biográficos de la autora en la solapa del texto
520 ## - RESUMEN, ETC.
Sumario, etc. Este libro presenta un método amable, suave y totalmente natural para ayudar al bebé a obtener la cantidad de sueño que necesita. El programa desarrollado por la doctora Polly Moore opera en armonía con el ciclo básico de reposo y actividad del bebé. Es sencillo, certero y produce resultados duraderos: siestas diurnas verdaderamente reparadoras y sueño constante en la noche. Es ideal para padres primerizos y para profesionales de la salud especializados en cuidados de recién nacidos. El método se puede aplicar desde las dos primeras semanas de vida y hasta el primer año de vida. El libro contiene lecciones para aprender a conciliar el sueño sin ayuda y soluciones para problemas comunes como un bebé que madruga mucho, un bebé que se llena de energía antes de la hora de recogerse para la noche, un bebé que confunde el día y la noche, y más. Incluye un diario guiado para anotar las señales de sueño del bebé y llevar un registro de las siestas y las horas de acostarse en la noche.
650 10 - PUNTO DE ACCESO ADICIONAL DE MATERIA--TÉRMINO DE MATERIA
Término de materia o nombre geográfico como elemento de entrada Sueño
Fuente del encabezamiento o término Lemb
Subdivisión de forma Desórdenes en niños
650 10 - PUNTO DE ACCESO ADICIONAL DE MATERIA--TÉRMINO DE MATERIA
Término de materia o nombre geográfico como elemento de entrada Bebés
Fuente del encabezamiento o término Lemb
650 10 - PUNTO DE ACCESO ADICIONAL DE MATERIA--TÉRMINO DE MATERIA
Término de materia o nombre geográfico como elemento de entrada Trastornos del sueño en niños
Fuente del encabezamiento o término Lemb
650 10 - PUNTO DE ACCESO ADICIONAL DE MATERIA--TÉRMINO DE MATERIA
Término de materia o nombre geográfico como elemento de entrada Puericultrura
Fuente del encabezamiento o término Lemb
942 ## - ELEMENTOS DE ENTRADA SECUNDARIOS (KOHA)
Fuente del sistema de clasificación o colocación Clasificación Decimal Dewey
Tipo de ítem Koha Libros
Suprimir en OPAC No
Holdings
Estatus retirado Estado de pérdida Fuente del sistema de clasificación o colocación Estado de daño No para préstamo Biblioteca de origen Biblioteca actual Fecha de adquisición Fuente de adquisición Total de préstamos Signatura topográfica completa Código de barras Visto por última vez Fecha del último préstamo Copia número Precio de reemplazo Tipo de ítem Koha
    Clasificación Decimal Dewey     BIBLIOTECA PÚBLICA MUNICIPAL RAMON CORREA MEJIA BIBLIOTECA PÚBLICA MUNICIPAL RAMON CORREA MEJIA 04/05/2024 Donación 1 613.0432 M821c 49777 07/01/2025 04/06/2024 Ej.1 04/05/2024 Libros

Powered by Koha